| 000 | 00545nam a22001817a 4500 | ||
|---|---|---|---|
| 999 |
_c40556 _d40556 |
||
| 003 | OSt | ||
| 005 | 20210315131335.0 | ||
| 008 | 191010b ||||| |||| 00| 0 eng d | ||
| 020 | _a9788122613421 | ||
| 040 | _coclc | ||
| 082 |
_a891.4434 _bTAG/C |
||
| 100 | 1 |
_aTagore, Rabindranath _938 _d1861-1941 |
|
| 245 |
_aChokher Bali = A Grain Of Sand / _cRabindranath Tagore |
||
| 260 |
_aThrissur: _bCurrent Books, _c2017. |
||
| 300 | _a254p | ||
| 700 | _aNjaliyath,Sunil | ||
| 942 |
_2ddc _cBK _h891.4434 _iTAG/C _k891.4434 _mTAG/C |
||